Sport and exercise nutrition / (Record no. 139991)
[ view plain ]
| 000 -LEADER | |
|---|---|
| fixed length control field | 00668nam a22002177a 4500 |
| 005 - DATE AND TIME OF LATEST TRANSACTION | |
| control field | 20260305124733.0 |
| 008 - FIXED-LENGTH DATA ELEMENTS--GENERAL INFORMATION | |
| fixed length control field | 260305b |||||||| |||| 00| 0 eng d |
| 020 ## - INTERNATIONAL STANDARD BOOK NUMBER | |
| International Standard Book Number | 9781444334685 (pbk) |
| 040 ## - CATALOGING SOURCE | |
| Transcribing agency | PK-LaUMT |
| 082 ## - DEWEY DECIMAL CLASSIFICATION NUMBER | |
| Classification number | 613.71 |
| Item number | NUT- |
| 245 ## - TITLE STATEMENT | |
| Title | Sport and exercise nutrition / |
| Statement of responsibility, etc | edited by Susan A Lanham-New, Sangita Sharma, and Leanne Hodson |
| 260 ## - PUBLICATION, DISTRIBUTION, ETC. (IMPRINT) | |
| Place of publication, distribution, etc | West Sussex : |
| Name of publisher, distributor, etc | John Wiley |
| Date of publication, distribution, etc | 2011 |
| 300 ## - PHYSICAL DESCRIPTION | |
| Extent | 374 p. |
| 490 ## - SERIES STATEMENT | |
| Series statement | The Nutrition Society textbook series |
| 650 ## - SUBJECT ADDED ENTRY--TOPICAL TERM | |
| General subdivision | Physiological aspects |
| 650 ## - SUBJECT ADDED ENTRY--TOPICAL TERM | |
| General subdivision | Physiological aspects |
| 650 ## - SUBJECT ADDED ENTRY--TOPICAL TERM | |
| General subdivision | Sciences |
| 700 ## - ADDED ENTRY--PERSONAL NAME | |
| Personal name | Susan A Lanham-New, |
| 700 ## - ADDED ENTRY--PERSONAL NAME | |
| Personal name | Sangita Sharma, |
| 942 ## - ADDED ENTRY ELEMENTS (KOHA) | |
| Koha item type | Books |
| Withdrawn status | Lost status | Damaged status | Home library | Current library | Date acquired | Full call number | Barcode | Date last seen | Price effective from | Koha item type |
|---|---|---|---|---|---|---|---|---|---|---|
| UMT Health Sciences Campus | UMT Health Sciences Campus | 2026-03-05 | 613.71 NUT- | 152119 | 2026-03-05 | 2026-03-05 | Books |
